Biblioteka Instytutu Północnego w Olsztynie

Widok standardowy Widok MARC

Pozycja Personal Name

Liczba rekordów, w których użyto hasła: 1

001 - Numer kontrolny

  • control field: 39558

003 - Identyfikator numeru kontrolnego

  • control field: NUKAT

005 - Data i czas ostatniej modyfikacji

  • control field: 20260407171521.0

008 - Dane kontrolne kodowane (40 znaków)

  • fixed length control field: 010328n||a|znnaabn |a aaa |c

010 ## - Numer kontrolny Biblioteki Kongresu

  • numer kontrolny LC: n 01039896

040 ## - Instytucja sporządzająca rekord

  • inst. przygot. dane do rek. khw: KR 7/ks
  • język haseł przedmiotowych/tezaurus: kaba
  • inst. wprow. rek. khw: KR 7/ks
  • inst. modyf. rek. khw: LUBL 58/AS

100 1# - Hasło - nazwa osobowa

  • nazwa osobowa w formie ujednoliconej: Bogucki, Mieczysław
  • daty biograficzne: (1884-1965).

400 1# - Trop zob. - nazwa osobowa

  • nazwa osobowa (nazwisko, imiona): Bogucki, M.

670 ## - Źródło informacji

  • źródło informacji: Polska na morzu / Mieczysław Bogucki [et al.]. - Warszawa, 1935.

670 ## - Źródło informacji

  • źródło informacji: EPop' 1982

670 ## - Źródło informacji

  • źródło informacji: Morskie stacje biologiczne / M. Bogucki. - Warszawa, 1950.

675 ## - Źródło nie podające informacji

  • wskazanie źródła: PSB. - 1935-
Biblioteka Instytutu Północnego, ul. Partyzantów 87, 10-402 Olsztyn, email: biblioteka(at)ip.olsztyn.pl